[Event "185th open MGU"]
[Site "Sofia"]
[Date "2017.04.09"]
[Round "4.2"]
[White "Andreev, Dobrotich"]
[Black "Babatov, Martin"]
[Result "0-1"]
[WhiteElo "1986"]
[BlackElo "1709"]
[PlyCount "44"]
[EventDate "2017.04.08"]
[EventType "swiss"]
[EventRounds "6"]
[EventCountry "BUL"]

1. e4 c6 2. Nc3 d5 3. Nf3 dxe4 4. Nxe4 Bg4 5. Bc4 e6 6. Ng3 $146 ({RR} 6. c3
Nd7 7. d4 Ngf6 8. Ng3 Qc7 ({RR} 8... Be7 9. h3 Bxf3 10. Qxf3 O-O 11. O-O Re8
12. Be3 Nf8 13. Rad1 Qc7 14. Ne4 Rad8 15. Bc1 a6 16. Bb3 b5 17. Bc2 Ng6 18. g3
Nxe4 19. Bxe4 c5 20. h4 cxd4 21. cxd4 Bf6 22. Bg5 Bxg5 23. hxg5 {
Sokolsky,A-Kholmov,R/Moscow 1947/MCL/1/2 (80)}) 9. h3 Bxf3 10. Qxf3 Bd6 11. O-O
O-O 12. Bg5 Qa5 13. Bf4 Qc7 14. Bxd6 Qxd6 15. Rad1 Rfd8 16. Bb3 Nf8 17. Rfe1
Rd7 18. Nf1 Ng6 19. g3 Rad8 20. h4 Ne7 {
Smyslov,V-Makogonov,V/Leningrad & Moscow 1939/HCL/1/2 (49)}) ({RR} 6. O-O Nf6
7. Ng3 h5 ({RR} 7... Bd6 8. h3 Bxf3 9. Qxf3 Nbd7 10. d4 Nb6 11. Bd3 Nfd5 12.
Nh5 Bf8 13. c3 Qc7 14. Bg5 f6 15. Bf4 Qe7 16. Rfe1 g6 17. Ng3 Nxf4 18. Qxf4
O-O-O 19. Ne4 Nd5 20. Qf3 Qg7 21. a3 f5 22. Ng5 {
Koksal,R (1775)-Suvar,N/Manavgat 2016/CBM 170 Extra/1-0 (46)}) 8. Re1 Nbd7 9.
h3 h4 10. Nf1 Bh5 11. d4 Qc7 12. Qd3 Bxf3 13. Qxf3 O-O-O 14. a4 Rh5 15. Ne3 Nb6
16. a5 Nxc4 17. Nxc4 Rxd4 18. Qe2 Bc5 19. Qf1 Re4 20. Bd2 Rf5 {
Blahynka,M (2400)-Krsnik Cohar,I (2292)/Porec 2015/EXT 2016/1-0 (76)}) ({RR} 6.
d3 Nd7 7. Bf4 Ngf6 8. h3 Bh5 9. g4 Bg6 10. Ng3 Nd5 11. Bxd5 Qa5+ 12. Nd2 Qxd5
13. Nde4 O-O-O 14. O-O h5 15. c4 Qa5 16. a3 e5 17. Bg5 f6 18. b4 Qc7 19. Be3
hxg4 20. Qxg4 Bf7 {Simagin,V-Zita,F/Moscow 1946/MCL/1/2 (66)}) 6... Nf6 7. h3
Bxf3 8. Qxf3 Bd6 9. d4 Qc7 10. Ne4 Nxe4 11. Qxe4 Qe7 12. Qg4 Qf6 13. Bg5 Qf5
14. Qxf5 exf5 15. Bd3 f4 16. Bh4 h6 17. f3 g5 18. Bf2 Nd7 19. O-O-O O-O-O 20.
d5 c5 21. Bf5 Kb8 22. Bxd7 Rxd7 0-1

[Event "185th open MGU"]
[Site "Sofia"]
[Date "2017.04.09"]
[Round "4.3"]
[White "Georgiev, Nikolay Zh."]
[Black "Kostov, Nikolay"]
[Result "1/2-1/2"]
[WhiteElo "1574"]
[BlackElo "1668"]
[PlyCount "109"]
[EventDate "2017.04.08"]
[EventType "swiss"]
[EventRounds "6"]
[EventCountry "BUL"]

1. e4 d5 2. exd5 Nf6 3. Bb5+ Bd7 4. Bc4 ({RR} 4. Be2 Nxd5 5. d4 Bf5 6. Nf3 e6)
4... c6 ({RR} 4... Bg4) 5. dxc6 ({RR} 5. Nc3 cxd5 ({RR} 5... Bg4 6. f3) 6. Nxd5
Nxd5 7. Bxd5 Nc6 8. Nf3) 5... Nxc6 6. Ne2 ({RR} 6. Nf3 e5 ({RR} 6... e6 7. d4)
7. d3 Bc5 8. Nc3 ({RR} 8. O-O Bg4 9. h3 Bh5) 8... Bg4 9. h3 ({RR} 9. O-O Nd4
10. Bxf7+ Kf8 ({RR} 10... Kxf7 11. Nxe5+ Kf8 12. Nxg4 Nxg4 13. Qxg4) 11. Bc4
Nxf3+ 12. gxf3 Bh3 13. Re1 Qe8 14. Bf4) 9... Bh5 10. Bg5 h6 11. Bxf6 gxf6 ({RR
} 11... Qxf6 12. Ne4 Qe7) 12. Ne4 Be7 ({RR} 12... Bb6) 13. Ng3 Bg6 ({RR} 13...
Bxf3 14. Qxf3 Nd4 15. Qd1 ({RR} 15. Qh5 Nxc2+ 16. Kd2 Nxa1 17. Qxf7+ Kd7)) 14.
Nh4 b5 ({RR} 14... Qd4 15. Nxg6 fxg6 16. c3) 15. Bb3 ({RR} 15. Bxb5 Qa5+) 15...
Nd4 16. Nxg6 fxg6 17. Qg4 Qa5+ 18. Kf1 g5 ({RR} 18... Nxb3 19. Qxg6+ Kd8 20.
cxb3) 19. Rd1 Rd8 20. Nf5 h5 {Mukhametov,E (2390)-Terekhin,A (2350)/St
Petersburg 1994/CBM 041/[Blatny,P]/1-0 (31)}) ({RR} 6. d4 e5 ({RR} 6... Bg4 7.
f3 Qxd4 8. Qxd4 Nxd4 9. Bd3 Bf5 10. Bxf5 Nxf5 11. Ne2 e5 12. Nbc3 Bc5 13. Bd2
Ne3 14. Bxe3 Bxe3 15. Ng3 O-O-O 16. Ke2 Bd4 17. Nge4 Nxe4 18. fxe4 Bxc3 19.
bxc3 Rd6 20. Rhd1 Rhd8 21. Rd3 {
Kavcic,J (2097)-Skrinjar,M (1981)/Rogatska Slatina 2010/CBM 135 Extra/1/2 (41)}
) 7. dxe5 Nxe5 8. Qe2 Bb4+ 9. c3 O-O 10. cxb4 Bg4 11. f3 ({RR} 11. Nf3 Nxc4 12.
O-O Rc8) 11... Re8 ({RR} 11... Nxc4 12. Qxc4 Rc8 13. Qf4) 12. Bb5 Bd7 ({RR} 
12... Nd3+ 13. Bxd3 Qxd3 14. fxg4 Rxe2+ ({RR} 14... Nd5) ({RR} 14... Rac8) 15.
Nxe2 Re8 16. Nbc3 Nxg4) 13. Be3 Nd5) 6... e5 7. d3 $146 ({RR} 7. Nbc3 Bc5 8.
O-O O-O 9. d3 a6 10. Ne4 Nxe4 11. dxe4 Bg4 12. c3 Qxd1 13. Rxd1 Rfd8 14. Re1
Ne7 15. h3 Bxe2 16. Rxe2 Rd1+ 17. Kh2 Rf1 18. b4 Bxf2 19. Bb2 Bg1+ 20. Kg3 Rxa1
21. Bxa1 Bb6 {Hlousek,Z-Borik,O/Vrbno pod Pradedem 1965/EXT 2006/1/2}) 7... Bc5
8. O-O h6 9. Nbc3 Bg4 10. Kh1 a6 11. Bb3 b5 12. f3 Bh5 13. Bd2 O-O 14. Be1 Rb8
15. Bh4 g5 16. Bf2 Bxf2 17. Rxf2 a5 18. a3 Qb6 19. Rf1 Rfd8 20. Qe1 a4 21. Ba2
Rbc8 22. Ng3 Bg6 23. Nge4 Nxe4 24. fxe4 Nd4 25. Qd2 Kg7 26. Rac1 Qa5 27. Qf2 f5
28. exf5 Bxf5 29. g4 Qa8+ 30. Kg1 Rf8 31. gxf5 Rxf5 32. Qxf5 Nxf5 33. Rxf5 Rf8
34. Rcf1 Qa7+ 35. Kg2 Rxf5 36. Rxf5 Qe3 37. Nxb5 Qd2+ 38. Rf2 Qc1 39. b4 Qa1
40. c4 Qd1 41. Nc3 Qxd3 42. Nb1 Qe4+ 43. Kg1 h5 44. c5 g4 45. b5 Qe1+ 46. Rf1
Qe3+ 47. Kg2 Qxc5 48. Rf5 Kg6 49. Rf2 Qxb5 50. Nc3 Qc6+ 51. Nd5 Qc1 52. Ne7+
Kg7 53. Rf7+ Kh6 54. Rf6+ Kg7 55. Rf7+ 1/2-1/2

[Event "185th open MGU"]
[Site "Sofia"]
[Date "2017.04.09"]
[Round "4.4"]
[White "Gelemerov, Yane"]
[Black "Ignatov, Bojidar"]
[Result "1/2-1/2"]
[WhiteElo "1976"]
[BlackElo "1770"]
[PlyCount "155"]
[EventDate "2017.04.08"]
[EventType "swiss"]
[EventRounds "6"]
[EventCountry "BUL"]

1. e4 e5 2. Bc4 Bc5 3. Nc3 Nc6 4. d3 d6 5. Na4 Na5 ({RR} 5... Bb6 6. c3 Na5 7.
Bb5+ Bd7 8. Bxd7+ Qxd7 9. Nxb6 axb6 10. f4 d5 11. fxe5 dxe4 12. d4 Ne7 13. Ne2
f5 14. exf6 gxf6 15. Ng3 O-O 16. Nxe4 Qe6 17. O-O Nb3 18. Nxf6+ Rxf6 19. Rxf6
Qxf6 20. Qxb3+ {Ponomariov,R (2709)-Aboudi,M (2209)/Baku 2016/EXT 2017/1-0}) 6.
Nxc5 ({RR} 6. Bb3 Nxb3 7. axb3 Ne7 8. Nf3 Ng6 9. h3 a6 10. Nxc5 dxc5 11. Be3
Qe7 12. O-O O-O 13. Nd2 Be6 14. Kh2 b6 15. Nc4 a5 16. Qd2 Qd7 17. f4 exf4 18.
Bxf4 Nxf4 19. Rxf4 a4 20. Raf1 axb3 {
Hou,Y (2673)-Fedorchuk,S (2673)/Bastia 2014/EXT 2015/1-0 (53)}) 6... dxc5 $146
({RR} 6... Nxc4 7. dxc4 dxc5 8. Qxd8+ Kxd8 9. Be3 b6 ({RR} 9... Be6 10. O-O-O+
Ke8 11. Bxc5 b6 12. Ba3 Nf6 13. f3 Bxc4 14. b3 Be6 15. Ne2 Rd8 16. c4 Rd7 17.
c5 Rxd1+ 18. Rxd1 Nd7 19. Nc3 Nxc5 20. Bxc5 bxc5 21. Kb2 c6 22. Rd6 Bd7 23. Na4
Ke7 24. Rd2 {Zaibi,A (2309)-Amdouni,Z (2291)/Mounastir 2014/EXT 2016/1/2 (55)})
10. O-O-O+ Ke7 ({RR} 10... Ke8 11. Ne2 Be6 12. Nc3 c6 13. b3 Nf6 14. f3 Rd8 15.
a4 a5 16. Bf2 Nh5 17. Be3 Rxd1+ 18. Rxd1 Ke7 19. Ne2 Rd8 20. Rg1 Nf6 21. g4 Nd7
22. Ng3 Rg8 23. h4 f6 24. Nf5+ Bxf5 25. exf5 {
Souleidis,G (2429)-Becker,M (2417)/Germany 2009/EXT 2011/1/2 (42)}) 11. Ne2 Be6
12. b3 Nf6 13. f3 Rhd8 14. Nc3 c6 15. a4 a5 16. Rd2 Rxd2 17. Kxd2 Nd7 18. Nd1
h5 19. Nf2 g6 20. Re1 f6 21. h4 {
Kovacs,G-Nemeth,Z (2380)/Hungary 1995/EXT 1997/1-0 (68)}) 7. Bb3 Nxb3 8. axb3
Ne7 9. Qh5 Ng6 10. Nf3 Qe7 11. O-O h6 12. g3 Qe6 13. Be3 b6 14. Nd2 Qg4 15.
Qxg4 Bxg4 16. f4 exf4 17. gxf4 Bd7 18. Nc4 f5 19. Bd2 O-O 20. Rae1 Rae8 21. e5
Rf7 22. Kf2 a5 23. Rg1 Nf8 24. h4 Ne6 25. c3 Kh7 26. Rg3 g6 27. Reg1 Rg7 28.
Be3 Bc6 29. Ke2 Rd8 30. Na3 Bd5 31. Nc4 Rdd7 32. Rd1 Kg8 33. Rf1 Rdf7 34. Rgg1
Rf8 35. Bd2 Kf7 36. Kd1 Ke7 37. Kc2 Bc6 38. Ne3 Kd8 39. Nd1 Kc8 40. Rg3 Rd8 41.
Rfg1 Rdg8 42. Nf2 g5 43. hxg5 hxg5 44. fxg5 f4 45. Rg4 Bf3 46. Rh4 Rxg5 47.
Rxg5 Rxg5 48. Bxf4 Rf5 49. Bh2 Be2 50. Nh3 Rf3 51. d4 cxd4 52. cxd4 Nxd4+ 53.
Rxd4 Rxh3 54. Bf4 Bg4 55. Bg5 Be6 56. b4 Bf5+ 57. Kd2 Rh2+ 58. Kc3 axb4+ 59.
Rxb4 Re2 60. Bf6 Re3+ 61. Kd2 Re4 62. Rb3 Rd4+ 63. Ke3 Re4+ 64. Kf3 Re1 65. Kf4
Be6 66. Rd3 Rf1+ 67. Kg5 Rf2 68. b4 Rf5+ 69. Kh6 Rf4 70. b5 Rb4 71. Rd8+ Kb7
72. Re8 Bd7 73. Re7 Bxb5 74. e6 Re4 75. Kg6 Bc4 76. Kf5 Rxe6 77. Rxe6 Bxe6+ 78.
Kxe6 1/2-1/2

[Event "185th open MGU"]
[Site "Sofia"]
[Date "2017.04.09"]
[Round "4.5"]
[White "Ruschukov, Boyan"]
[Black "Mladenov, Andrey"]
[Result "1-0"]
[WhiteElo "1801"]
[BlackElo "1552"]
[PlyCount "69"]
[EventDate "2017.04.08"]
[EventType "swiss"]
[EventRounds "6"]
[EventCountry "BUL"]

1. d4 d5 2. c4 c6 3. Nf3 Nf6 4. Nc3 e6 5. Bg5 dxc4 6. e4 b5 7. e5 h6 8. Bh4 g5
9. Nxg5 hxg5 10. Bxg5 Nbd7 11. exf6 Bb7 12. g3 Qb6 13. Bg2 O-O-O 14. O-O c5 15.
d5 b4 16. Na4 Qb5 17. a3 exd5 18. axb4 cxb4 19. b3 ({RR} 19. Re1 d4 ({RR} 19...
Bd6 20. Qd4 Kb8 21. h4 Rhe8 22. Re7 Bxe7 23. fxe7 Rc8 24. Bf4+) ({RR} 19... Nc5
20. Nxc5 ({RR} 20. Re7 Nb3 ({RR} 20... Bxe7 21. fxe7 Rdg8 22. Nxc5 Rxg5 23.
Nxb7 Kxb7 24. Qd4) 21. Qg4+ Rd7 22. Re8+ Kc7 23. Ra2 Rd6 24. Re1 Qd7) 20...
Bxc5 21. Re7 Bxe7 ({RR} 21... Rd7 22. Qg4 Bxe7 23. fxe7 d4 24. Ra5 Qb6 25. Bh3
Bc6 26. Rd5) 22. fxe7 Rdg8 23. h4 Rxg5 24. hxg5 Re8 25. Qg4+ Qd7 26. Qxd7+ Kxd7
27. Rxa7 Kc8 28. Rxb7 Kxb7 29. Bxd5+ Kc7 30. Bxf7 Rxe7 31. Bxc4 Re4 32. Bf7 Kd6
33. g6 Ke7 34. b3) ({RR} 19... Bh6 20. Bxh6 ({RR} 20. Bh4) 20... Rxh6 21. Qd4
Rxf6 22. Bh3 Rd6 23. Nc5 Qb6 24. Red1 Kc7 25. Bxd7 R8xd7 26. Nxd7 Qxd4 27. Rxd4
Kxd7) 20. Qxd4 ({RR} 20. Bxb7+ Kxb7 21. Qf3+ Qc6) 20... Bxg2 ({RR} 20... Qxg5
21. Qxc4+ Kb8 22. Bxb7 Kxb7 23. Rac1) 21. Kxg2 Qxg5 22. Qxc4+ Kb8 23. Rac1 ({RR
} 23. Rad1 Qa5 ({RR} 23... Qf5) 24. Rd5 ({RR} 24. b3 Qf5) 24... Qc7 25. Qd3 Qc6
) ({RR} 23. Red1 Qf5 ({RR} 23... Rc8 24. Qxf7 ({RR} 24. Qa6 Qf5 25. Nb6 Rxh2+
26. Kxh2 Qxf2+ 27. Kh3 Qf5+ 28. g4 Qf3+ 29. Kh4 Qf2+ 30. Kh3 Qe3+ 31. Kh4 Qh6+
32. Kg3 Bd6+) 24... Ne5 25. Qd5 Qxf6 26. Qb5+ Kc7 27. Rac1+ Nc6 28. Rc2 ({RR} 
28. Qa5+ Kb8 29. Qb5+) 28... b3 ({RR} 28... Rh6 29. Qa6 Kb8 30. Nb6 Rc7 31.
Nd7+ Rxd7 32. Rxd7) 29. Qxb3 Qf5 30. h4 Rh6 31. Nc3 Nb4 32. Nd5+ Kb8 33. Nxb4
Qe4+ 34. Kh3 Qxb4 35. Qxb4+ Bxb4 36. Rxc8+ Kxc8 37. g4) 24. Rd5 Rxh2+ 25. Kxh2
Qxf2+ 26. Kh3 ({RR} 26. Kh1 Qf3+ 27. Kh2 Bd6) 26... Bd6 27. Rb5+ Nb6) 23... Bd6
24. Qc6 Qd2 ({RR} 24... Nxf6 25. Nb6) ({RR} 24... Qxf6) 25. Kg1 ({RR} 25. Re2
Qxe2 26. Qxd6+ Ka8) 25... Rxh2 26. Re2 Qd3 ({RR} 26... Qxe2 27. Qxd6+ Ka8 28.
Qc6+ Kb8 29. Qc7+) 27. Re3 ({RR} 27. Kxh2 Bxg3+) 27... Qd2 ({RR} 27... Qd4 28.
Kxh2) 28. Re2 Qd3 29. Re3 Qd2 30. Re2 {
1/2 Topalov,V (2812)-Shirov,A (2745)/Sofia 2009/CBM 131/[Krasenkow,M]}) ({RR} 
19. Qg4) ({RR} 19. Qd4) ({RR} 19. Be3) ({RR} 19. Bf4) ({RR} 19. h4) 19... c3
20. Rc1 $146 ({RR} 20. h4 Kb8 21. Qg4 Nc5 22. Nxc5 Bxc5 23. h5 d4 24. h6 Bxg2
25. Kxg2 Qc6+ 26. Qf3 Kb7 27. Rfd1 d3 28. Bf4 d2 29. g4 Rd4 30. Qxc6+ Kxc6 31.
Be3 Rxg4+ 32. Kf3 Bxe3 33. Kxg4 Bxh6 34. Ra2 Re8 {
Dmitrenko,V (2344)-Baymuratova,S (2145)/Tashkent 2015/CBM 165 Extra/0-1 (34)})
20... Bh6 21. Qg4 Bxg5 22. Qxg5 Rdg8 23. Qe3 Kb8 24. Rfd1 Re8 25. Qd4 Rh5 26.
f4 Rhh8 27. Bxd5 Bxd5 28. Qxd5 Qxd5 29. Rxd5 Kc7 30. Nxc3 bxc3 31. Rxc3+ Kb6
32. Rxd7 Re2 33. h4 Rhe8 34. Re7 Rd8 35. Rxe2 1-0

[Event "185th open MGU"]
[Site "Sofia"]
[Date "2017.04.09"]
[Round "4.6"]
[White "Markov, Daniel"]
[Black "Arshinkova, Boryana"]
[Result "0-1"]
[WhiteElo "1152"]
[BlackElo "1251"]
[PlyCount "166"]
[EventDate "2017.04.08"]
[EventType "swiss"]
[EventRounds "6"]
[EventCountry "BUL"]

1. e4 e5 2. Nf3 Nc6 3. Bb5 Bd6 4. O-O Nf6 5. d3 ({RR} 5. d4 exd4 6. Bxc6 dxc6
7. e5 Be7 8. exf6 Bxf6 9. Nbd2 O-O 10. Ne4 h6 11. Nxf6+ Qxf6 12. Qxd4 Qg6 13.
Bf4 Bg4 14. Ne5 Qh5 15. Nxg4 Qxg4 16. Be5 Qg6 17. Qc3 Rfe8 18. Rfe1 Re7 19. Qg3
Qh7 {Hase,J (2301)-Martinez Burguera,A (2091)/Argentina 2006/EXT 2008/1-0 (40)}
) 5... Qe7 $146 ({RR} 5... a6 6. Ba4 b5 7. Bb3 O-O 8. Nc3 Bc5 9. Bg5 h6 10. Bh4
g5 11. Bg3 d6 12. a3 Bd4 13. Bd5 Bd7 14. Nxd4 exd4 15. Bxc6 Bxc6 16. Ne2 Bb7
17. Nxd4 c5 18. Nf5 Ne8 19. Nxh6+ Kg7 20. Nf5+ {
Kodet,J-Pesek,A/Prague 2016/CBM 174 Extra/1-0 (46)}) ({RR} 5... O-O 6. Nc3 Re8
7. Bg5 h6 8. Bh4 a6 9. Ba4 b5 10. Bb3 g5 11. Bg3 Bc5 12. Nxe5 Nxe5 13. d4 Bxd4
14. Qxd4 d6 15. Bxe5 dxe5 16. Qe3 Qd4 17. Qf3 Qd6 18. Rad1 Qc6 19. Nd5 Kg7 20.
h3 {Goorsahye,A (1741)-Ringayen,F (1320)/St Denis 2015/CBM 168 Extra/1-0 (70)})
({RR} 5... Ne7 6. Nc3 c6 7. Bc4 Bc7 8. d4 exd4 9. Nxd4 O-O 10. Bd3 d5 11. exd5
Nexd5 12. Nxd5 Nxd5 13. Qh5 g6 14. Qh6 Nf6 15. Nf3 Ng4 16. Qg5 Qd6 17. g3 f6
18. Bc4+ Kg7 19. Qh4 Re8 20. Bf4 {
Stephenson,H-Lean,R/Hastings Town Hall 1921/EXT 2017/[ChessBase]/1-0}) 6. Bg5
h6 7. Bh4 a6 8. Bc4 Bc5 9. Nc3 d6 10. Nd5 Qd8 11. c3 g5 12. Nxf6+ Qxf6 13. Bg3
Bg4 14. h3 Bxf3 15. Qxf3 Qxf3 16. gxf3 Rf8 17. h4 f5 18. hxg5 hxg5 19. exf5
Rxf5 20. Kg2 Rf6 21. Rh1 O-O-O 22. Rh5 Rg6 23. Rah1 Kb8 24. Kh3 d5 25. Bb3 d4
26. Bc4 dxc3 27. bxc3 b5 28. Rb1 Ka7 29. Rh7 Bb6 30. Bf7 Rf6 31. Rd1 Rd7 32.
Bg6 Rxh7+ 33. Bxh7 Rh6+ 34. Kg4 Rxh7 35. Kxg5 Rd7 36. Kf5 Rf7+ 37. Ke4 Kb7 38.
Rd2 Re7 39. a3 Bc5 40. Ra2 Bd6 41. a4 bxa4 42. Rxa4 Re8 43. Ra1 Ka7 44. Rb1 a5
45. Ra1 Rb8 46. f4 exf4 47. Bxf4 Bxf4 48. Kxf4 Rb3 49. Ke4 Rxc3 50. f4 Ka6 51.
f5 Nb4 52. f6 Rxd3 53. f7 Rd8 54. Ke5 Rf8 55. Rf1 Nc6+ 56. Kd5 Nd8 57. Rf6+ Kb7
58. Rf1 Rxf7 59. Rb1+ Ka6 60. Rh1 c6+ 61. Kc5 Ra7 62. Rh8 Ra8 63. Rh6 a4 64.
Kb4 Kb6 65. Ka3 Nf7 66. Rf6 Ne5 67. Rf4 Ng6 68. Rg4 Ne5 69. Re4 Nf7 70. Rf4 Nd6
71. Rxa4 Rxa4+ 72. Kxa4 c5 73. Kb3 c4+ 74. Kc3 Kc5 75. Kc2 Kb4 76. Kb2 c3+ 77.
Kc2 Kc4 78. Kc1 Kb3 79. Kb1 c2+ 80. Kc1 Nf5 81. Kd2 Kb2 82. Kd3 c1=Q 83. Ke4
Qd2 0-1

[Event "185th open MGU"]
[Site "Sofia"]
[Date "2017.04.09"]
[Round "4.7"]
[White "Punchev, Ivan"]
[Black "Kononenko, Vladimir"]
[Result "1-0"]
[WhiteElo "1708"]
[BlackElo "1329"]
[PlyCount "121"]
[EventDate "2017.04.08"]
[EventType "swiss"]
[EventRounds "6"]
[EventCountry "BUL"]

1. d4 d5 2. e3 e6 3. Bd3 c5 4. c3 Nf6 5. f4 Nc6 6. Nf3 b6 ({RR} 6... Qb6 7. O-O
Bd6 8. Kh1 Bd7 9. Ne5 Ne7 10. Nd2 Bb5 11. c4 dxc4 12. Ndxc4 Bxc4 13. Nxc4 Qc7
14. Qa4+ Nc6 15. Nxd6+ Qxd6 16. Bb5 {
1/2 Dede,E (2274)-Szakolczai,P (2168)/Hungary 2003/EXT 2005}) ({RR} 6... Qc7 7.
O-O Bd6 8. Nbd2 cxd4 9. cxd4 Nb4 10. Bb1 Bd7 11. a3 Qa5 12. Nb3 Qa4 13. axb4
Qxb4 14. Bd2 Qb5 15. Ne5 Bb4 16. Bd3 Qb6 17. Bxb4 Qxb4 18. Nxd7 Nxd7 19. f5 e5
20. dxe5 Nxe5 21. Be2 {
Punchev,I-Mitrev,K (2103)/Sofia 2008/CBM 127 Extra/1/2 (41)}) 7. O-O ({RR} 7.
Ne5 Bb7 8. Bb5 Qc7 9. Qa4 Rc8 10. Bxc6+ Bxc6 11. Nxc6 Qxc6 12. Qxc6+ Rxc6 13.
Nd2 cxd4 14. cxd4 Bb4 15. a3 Bxd2+ 16. Bxd2 O-O 17. Rc1 Rxc1+ 18. Bxc1 Rc8 19.
O-O Rc2 20. b4 Ne4 21. a4 Nc3 {
Aramayo,T-Rueda Nessi,F (1613)/Villaguay 2016/EXT 2017/1-0}) 7... Bd6 8. Ng5
$146 ({RR} 8. Ne5 Qc7 9. Nd2 O-O 10. Rf3 Bb7 11. Rh3 h6 12. g4 Ne4 13. Nxe4
dxe4 14. Bxe4 Nxe5 15. Bxb7 Qxb7 16. fxe5 Be7 17. Qf3 Qxf3 18. Rxf3 Rad8 19.
Bd2 f6 20. exf6 Bxf6 21. Raf1 Rfe8 22. Be1 e5 {
Schirrmeister,L (1166)-Wagner,S (1626)/Willingen 2015/CBM 166 Extra/1/2 (54)})
8... h6 9. Nf3 O-O 10. Nbd2 c4 11. Bc2 Ng4 12. Qe2 f5 13. Ne5 Ngxe5 14. fxe5
Bc7 15. h3 Nxe5 16. dxe5 Bxe5 17. Nf3 Bg3 18. Bd2 Bb7 19. Rad1 b5 20. Be1 Bc7
21. e4 Qf6 22. e5 Qf7 23. Nd4 Bb6 24. Kh1 Rac8 25. Bh4 a6 26. g4 Qd7 27. g5
hxg5 28. Bxg5 Bxd4 29. Rxd4 g6 30. h4 Rf7 31. h5 gxh5 32. Qxh5 Rh7 33. Bh6 Kh8
34. Qg6 Qf7 35. Qxf7 Rxf7 36. Rf2 Rg8 37. Rh2 Rh7 38. Bd1 Rg6 39. Be3 Rg3 40.
Rxh7+ Kxh7 41. Rh4+ Kg8 42. Bd4 Rd3 43. Bh5 Rd2 44. Rh2 Rxh2+ 45. Kxh2 Bc8 46.
Be8 Kg7 47. Kg3 Kh6 48. Kf4 Kg7 49. Kg5 Kf8 50. Bc6 Ke7 51. Bb6 Kf7 52. Kh6 f4
53. Kg5 f3 54. Kf4 Kg6 55. Be8+ Kg7 56. Bh5 Bd7 57. Kg5 Bc8 58. Bxf3 Kf7 59.
Bh5+ Ke7 60. Bc5+ Kd7 61. Bd6 1-0

[Event "185th open MGU"]
[Site "Sofia"]
[Date "2017.04.09"]
[Round "5.2"]
[White "Mihalev, Daniil"]
[Black "Georgiev, Nikolay Zh."]
[Result "1/2-1/2"]
[WhiteElo "1760"]
[BlackElo "1574"]
[PlyCount "102"]
[EventDate "2017.04.08"]
[EventType "swiss"]
[EventRounds "6"]
[EventCountry "BUL"]

1. e4 e5 2. Nf3 Nc6 3. d4 d5 4. exd5 Qxd5 5. dxe5 Qxd1+ 6. Kxd1 Bg4 7. Bb5 ({RR
} 7. Be2 O-O-O+ 8. Nbd2 Bxf3 9. Bxf3 Nxe5 10. Ke2 Nf6 11. Ne4 Nxf3 12. Kxf3
Nxe4 13. Kxe4 Bc5 14. Kf3 Rd5 15. Be3 Bxe3 16. fxe3 Rd2 17. Rac1 Rhd8 18. g4
R8d6 19. Kg3 Re6 20. Rhe1 f6 21. Kf3 Rxh2 {
Ernst,S (2270)-Rogers,I (2570)/Hoogeveen 1997/CBM 060 Extra/0-1 (45)}) 7...
O-O-O+ 8. Nbd2 Nxe5 9. Be2 Nxf3 $146 ({RR} 9... Nh6 10. Nxe5 Bxe2+ 11. Kxe2 Re8
12. Rd1 Rxe5+ 13. Kf1 Rd5 14. Re1 Ng4 15. h3 Ne5 16. c4 Rxd2 17. Bxd2 Nxc4 18.
Bc3 b5 19. Re8+ Kd7 20. Rae1 b4 21. Bd4 b3 22. a3 Bc5 23. Rxh8 Bxd4 {
1-0 Vasquez,A (1799)-Ventura Ruiz,J (1942)/Santo Domingo 2015/CBM 166 Extra})
10. gxf3 Bf5 11. c3 g6 12. Ke1 Nf6 13. Nb3 Bd3 14. Bxd3 Rxd3 15. Nd4 c5 16. Ke2
c4 17. Be3 Bc5 18. a4 Re8 19. Rhd1 Rxd1 20. Kxd1 Nd5 21. Kd2 Nxe3 22. fxe3 Kc7
23. f4 Kb6 24. a5+ Ka6 25. Ra4 Bxd4 26. cxd4 Rc8 27. Rb4 b5 28. axb6 axb6 29.
Ra4+ Kb7 30. e4 b5 31. Ra1 f6 32. h4 Kb6 33. Kc3 Rg8 34. Rg1 h6 35. e5 fxe5 36.
dxe5 Kc5 37. f5 g5 38. hxg5 hxg5 39. f6 b4+ 40. Kc2 Kd5 41. f7 Rf8 42. Rxg5
Rxf7 43. e6+ Kxe6 44. Rc5 Rf2+ 45. Kc1 Rf4 46. Rb5 c3 47. bxc3 bxc3 48. Kc2 Rc4
49. Rb3 Kd5 50. Rxc3 Rxc3+ 51. Kxc3 Ke5 1/2-1/2

[Event "185th open MGU"]
[Site "Sofia"]
[Date "2017.04.09"]
[Round "5.3"]
[White "Kostov, Nikolay"]
[Black "Andreev, Dobrotich"]
[Result "0-1"]
[WhiteElo "1668"]
[BlackElo "1986"]
[PlyCount "148"]
[EventDate "2017.04.08"]
[EventType "swiss"]
[EventRounds "6"]
[EventCountry "BUL"]

1. d4 d5 2. e3 Nf6 3. Bd3 c6 4. f4 Bg4 5. Nf3 Nbd7 6. O-O e6 7. Nbd2 c5 ({RR} 
7... Be7 8. Qe1 Bxf3 9. Nxf3 Ne4 10. Bxe4 dxe4 11. Ne5 f5 12. Nxd7 Qxd7 13. Bd2
O-O 14. Qe2 Rac8 15. c3 Rfd8 16. g4 Qe8 17. gxf5 exf5 18. Kh1 Rd6 19. Rg1 Rg6
20. c4 Qf7 21. Bc3 Rd8 22. c5 {
Nyathi,M (1366)-Oberholzer,M (1643)/Johannesburg 2016/CBM 173 Extra/1/2 (54)})
8. c3 Be7 9. Qe1 Bf5 $146 ({RR} 9... O-O 10. Ne5 ({RR} 10. e4 dxe4 11. Nxe4
Bxf3 12. Rxf3 cxd4 13. cxd4 Qb6 14. Kh1 Qxd4 15. Bd2 Nxe4 16. Bxe4 Nc5 17. Bb1
b6 18. b4 Na4 19. Bc2 Bf6 20. Rd1 b5 21. Bc3 Qxd1 22. Qxd1 Nxc3 23. Rxc3 Bxc3
24. Qd3 g6 {Ganslmayer,H (1675)-Hielscher,K (1518)/Binz 2012/EXT 2014/1-0 (53)}
) 10... Nxe5 11. fxe5 Nd7 12. Qg3 Bh5 13. e4 f6 14. exf6 Bxf6 15. e5 Be7 16.
Qh3 Rxf1+ 17. Nxf1 Qe8 18. Qxe6+ Bf7 19. Qh3 Bg6 20. Bxg6 hxg6 21. Qe6+ Kh8 22.
Qxd5 cxd4 23. cxd4 Nb6 24. Qxb7 {
Trippe,F (1637)-Haecker,K (1140)/Willingen 2004/EXT 2005/1-0 (36)}) 10. Bxf5
exf5 11. Ne5 Ne4 12. Nxe4 dxe4 13. Nxd7 Qxd7 14. b4 cxb4 15. cxb4 Qb5 16. Bd2
Rc8 17. a4 Qd3 18. Rf2 O-O 19. Qf1 Qxf1+ 20. Rfxf1 Rc2 21. Rfd1 Rfc8 22. b5 Kf8
23. Rac1 Ba3 24. Rxc2 Rxc2 25. Kf1 Ke7 26. Ke1 Ke6 27. Ra1 Bd6 28. Kd1 Rc4 29.
a5 Kd5 30. a6 b6 31. Rb1 g5 32. g3 gxf4 33. gxf4 Rc8 34. Be1 Rg8 35. Rc1 Rg1
36. h4 h5 37. Kc2 Ba3 38. Rb1 Kc4 39. Kd1 Be7 40. Ke2 Rg2+ 41. Kd1 Ba3 42. Ra1
Kb3 43. d5 Bb2 44. Rb1 Ka2 45. Rxb2+ Kxb2 46. Bb4 Kb3 47. Be7 Kc4 48. d6 Kxb5
49. d7 Rg8 50. d8=Q Rxd8+ 51. Bxd8 Kxa6 52. Kc2 Kb5 53. Kb3 a5 54. Kc3 Kc6 55.
Bf6 Kd5 56. Bd8 Kc5 57. Kb3 Kb5 58. Kc3 a4 59. Be7 Ka5 60. Bb4+ Kb5 61. Bd6 Kc6
62. Bf8 Kd5 63. Kb4 a3 64. Bg7 a2 65. Kb3 b5 66. Kxa2 Kc4 67. Kb2 Kd3 68. Bd4
Ke2 69. Kb3 Kf3 70. Kb4 Kg4 71. Kc3 Kxh4 72. Kb4 Kg3 73. Kxb5 h4 74. Bc3 h3 0-1

[Event "185th open MGU"]
[Site "Sofia"]
[Date "2017.04.09"]
[Round "5.4"]
[White "Arshinkova, Boryana"]
[Black "Gelemerov, Yane"]
[Result "0-1"]
[WhiteElo "1251"]
[BlackElo "1976"]
[PlyCount "66"]
[EventDate "2017.04.08"]
[EventType "swiss"]
[EventRounds "6"]
[EventCountry "BUL"]

1. e4 e5 2. Nf3 Nc6 3. Bc4 Bc5 4. c3 Qe7 5. d4 Bb6 6. Be3 ({RR} 6. Bb5 Nf6 7.
O-O O-O 8. Bxc6 bxc6 9. Nxe5 d6 10. Nxc6 Qxe4 11. Nb4 c5 12. Nc2 Qg6 13. Ne3
Re8 14. Na3 cxd4 15. cxd4 d5 16. Nb5 Ba6 17. a4 Re4 18. Qf3 Bxb5 19. axb5 Rae8
20. Nf5 R4e6 {Sax,G (2510)-Olafsson,F (2535)/Teeside 1975/EXT 1999/1/2}) ({RR} 
6. Ng5 Nh6 7. Qh5 exd4 8. Nxf7 Nxf7 9. Qxf7+ Qxf7 10. Bxf7+ Kxf7 11. cxd4 Nxd4
12. Na3 Bc5 13. O-O Bxa3 14. bxa3 Ne2+ 15. Kh1 Nxc1 16. Rfxc1 c6 17. f4 Rd8 18.
Rc3 d5 19. Rd1 Bg4 20. Rd2 dxe4 {
Md Shafiqul,I (1878)-Ahmed,M (2083)/Dhaka 2016/EXT 2017/0-1}) 6... d6 7. Nbd2
Nf6 8. Qa4 $146 ({RR} 8. O-O O-O ({RR} 8... Bg4 9. h3 Bh5 10. Be2 O-O 11. d5
Bxe3 12. fxe3 Nd8 13. Nh2 c6 14. Bxh5 Nxh5 15. Qxh5 Rc8 16. dxc6 bxc6 17. Qe2
Ne6 18. Rf3 Rc7 19. Raf1 Rb7 20. Nc4 Rc7 21. R1f2 Rd7 22. Qf1 Ng5 23. Rg3 {
Bauer,J (1100)-Mikalauskaite,V/Malenovice 2013/CBM 156 Extra/0-1 (46)}) 9. Qe2
h6 10. Rfe1 Bg4 11. h3 Bh5 12. Qd3 Bg6 13. Bd5 Nxd5 14. c4 Nxe3 15. Qxe3 exd4
16. Qd3 Nb4 17. Qb3 Nc6 18. Rad1 Ba5 19. Qxb7 Bxd2 20. Rxd2 Ne5 21. Nxe5 dxe5
22. Qd5 Rfd8 {
Gollner,B (1190)-Olinici,E (1399)/Calimanesti 2013/CBM 153 Extra/0-1 (44)}) ({
RR} 8. Qc2 O-O 9. O-O-O Bd7 10. dxe5 Bxe3 11. exf6 Bxd2+ 12. Qxd2 Qxf6 13. Qe3
Bg4 14. h3 Bxf3 15. gxf3 Ne5 16. Bd5 c6 17. f4 Nd7 18. Bb3 Nc5 19. e5 Nxb3+ 20.
axb3 dxe5 21. fxe5 Qe6 22. c4 Rfd8 {
Pataki,B-Hagymasi,J (2056)/Ajka 2005/EXT 2008/0-1 (46)}) 8... O-O 9. Qc2 Bg4
10. h3 Bxf3 11. Nxf3 exd4 12. cxd4 Nxe4 13. O-O Rad8 14. Rfe1 d5 15. Bd3 Nb4
16. Qb3 Nxd3 17. Qxd3 f6 18. Rac1 Qf7 19. Bf4 Rfe8 20. Qc2 c6 21. Qb3 Rd7 22.
Qb4 h6 23. Nd2 Nxd2 24. Qxd2 Rde7 25. Bd6 Rxe1+ 26. Rxe1 Rxe1+ 27. Qxe1 Bxd4
28. Qd2 Bb6 29. Qc2 Qe6 30. Bb4 Qe4 31. Qd2 Bd4 32. Bd6 Be5 33. Bc5 Qb1+ 0-1